Opča kriza socijalizma - krah boljševičke opcije i razvoj modela tržišne demokracije
Krízu socializmu spôsobili marxisti. Kríza sa prejavuje ako hospodárska zaostalosť a nedemokratičnosť politického systému. Výsledkom je likvidácia pluralitného vlastníctva a trhu. Úvaha o možnosti reformovať socializmus na základe juhoslovanských skúseností. Úloha štátu v trhovej demokracii.
Guardado en:
| Autor principal: | |
|---|---|
| Formato: | Capítulo de libro |
| Lenguaje: | esloveno |
| Materias: | |
| Etiquetas: |
Sin Etiquetas, Sea el primero en etiquetar este registro!
|
MARC
| LEADER | 00000naa a2200000 4500 | ||
|---|---|---|---|
| 001 | r002185 | ||
| 005 | 20220819194424.2 | ||
| 041 | 0 | |a slv | |
| 044 | |a YU | ||
| 245 | 1 | 0 | |a Opča kriza socijalizma - krah boljševičke opcije i razvoj modela tržišne demokracije |c D. Vojnič |
| 520 | |a Krízu socializmu spôsobili marxisti. Kríza sa prejavuje ako hospodárska zaostalosť a nedemokratičnosť politického systému. Výsledkom je likvidácia pluralitného vlastníctva a trhu. Úvaha o možnosti reformovať socializmus na základe juhoslovanských skúseností. Úloha štátu v trhovej demokracii. | ||
| 610 | 2 | 0 | |a kríza |
| 610 | 2 | 0 | |a socializmus |
| 610 | 2 | 0 | |a marxizmus |
| 610 | 2 | 0 | |a zaostalosť hospodárska |
| 610 | 2 | 0 | |a vlastníctvo |
| 610 | 2 | 0 | |a hospodárstvo trhové |
| 610 | 2 | 0 | |a demokracia |
| 610 | 2 | 0 | |a pluralizmus |
| 100 | 1 | |a Vojnič, D. | |